000 00455nam a22001457a 4500
999 _c62693
_d62693
005 20250123160100.0
008 250123s2019 eng||||| |||| 00| 0 eng d
041 _aeng
080 _a004 N-16
100 _aNagy, Zsolt
_924100
245 _aSoft Skills to Advance Your Developer Career:
_bActionable Steps to Help Maximize Your Potential /
_cZsolt Nagy.
264 _aBerlin :
_bApress,
_c2019.
300 _a296 p.;
_b24 cm.
942 _2udc
_cᲬᲘᲒᲜᲘ